Vista normal Vista MARC

Entrada Materia (tema)

Número de registros utilizados en: 1

001 - CONTROL NUMBER

  • control field: 185344

003 - CONTROL NUMBER IDENTIFIER

  • control field: Co-BoUCM

005 - DATE AND TIME OF LATEST TRANSACTION

  • control field: 20250411084509.0

008 - FIXED-LENGTH DATA ELEMENTS

  • fixed length control field: 250411|| aca||aabn | a|a d

040 ## - CATALOGING SOURCE

  • Original cataloging agency: Co-BoUCM
  • Transcribing agency: Co-BoUCM

150 ## - HEADING--TOPICAL TERM

  • Topical term or geographic name as entry element: Identidad nacional
  • General subdivision: Aspectos internacionales

670 ## - SOURCE DATA FOUND

  • Source citation: Work cat.: (Co-BoUCM): McCourt, David M. 185342, The new constructivism in international relations theory , 2022